000 00453nam a2200169Ia 4500
003 GCL
008 140319s9999 xx 000 0 ara d
040 _aGCL /
_cGCL
082 0 4 _a813.03
_bف ف
100 1 _aفتحى سعيد
245 1 0 _aفى بلاط الصحافة والادب /
_cفتحى سعيد
300 _a192 ص
490 _aاقرأ
_v0
650 0 4 _aالادب العربى
650 0 4 _aالقصص العربية
942 _2ddc
_cBK
999 _c38550
_d38550